000 00411nam a2200181Ia 4500
001 3503
005 20260306145648.0
008 260306t1942||||xx |||||||||||||| ||spa||
041 _aESP
082 _a282.7
_bB75
100 _aBossuet
_eAUT
245 0 _aOraisons funébres et sermons
260 _c1942
300 _a105 páginas :
_c17 cm.
650 _aGEN
654 _aCHU
942 _cLIB
_dJUS
_fJUS
_2ddc
_n
999 _c3503
_d3503